[Event "NATO-ch 27th"]
[Site "Shrivenham"]
[Date "2016.08.23"]
[Round "3"]
[White "Lejnieks, Roberts"]
[Black "Luca, Ionel"]
[Result "0-1"]
[WhiteElo "1795"]
[BlackElo "2050"]
[PlyCount "90"]
[EventDate "2016.08.22"]
[EventType "swiss"]
[EventRounds "7"]
[EventCountry "ENG"]
[SourceTitle "EXT 2018"]
[Source "ChessBase"]
[SourceDate "2017.10.13"]
[SourceVersion "1"]
[SourceVersionDate "2017.10.13"]
[SourceQuality "1"]

1. e4 d6 2. f4 c6 3. Nc3 d5 4. exd5 cxd5 5. d4 Nc6 6. Be3 Nf6 7. h3 e6 8. Nge2 Bb4 9. g3 Ne4 10. Rg1 Nd6 11. a3 Ba5 12. b4 Bc7 13. Nc1 a5 14. b5 Ne7 15. g4 Bd7 16. a4 Nec8 17. Nb3 Nb6 18. Nd2 Rc8 19. Qc1 Bb8 20. Qb2 Qh4+ 21. Bf2 Qe7 22. Ncb1 Ndc4 23. Nxc4 dxc4 24. Qc1 Nd5 25. Bg3 Qf6 26. Rg2 Qxd4 27. Nd2 Nxf4 28. Bxf4 Bxf4 29. c3 Qf6 30. Qc2 Qh4+ 31. Kd1 0-0 32. Nf3 Qxh3 33. Qe4 e5 34. Rg1 Qh6 35. g5 Qg6 36. Qe2 Bf5 37. Nh4 Qd6+ 38. Ke1 Bd3 39. Qg2 e4 40. Nf5 Qe5 41. Nh6+ Kh8 42. Ra3 gxh6 43. g6 fxg6 44. Be2 Rcd8 45. Kf1 Bg3+ 0-1